Normal view MARC view

Entry Topical Term

Number of records used in: 5

001 - CONTROL NUMBER

  • control field: 11326

003 - CONTROL NUMBER IDENTIFIER

  • control field: OSt

005 - DATE AND TIME OF LATEST TRANSACTION

  • control field: 20161130192855.0

008 - FIXED-LENGTH DATA ELEMENTS

  • fixed length control field: 161130|| aca||aabn | a|a d

040 ## - CATALOGING SOURCE

  • Original cataloging agency: OSt
  • Transcribing agency: OSt

150 ## - HEADING--TOPICAL TERM

  • Topical term or geographic name entry element: Atoms

670 ## - SOURCE DATA FOUND

  • Source citation: Work cat.: (OSt): Bransden, B.H.; Joachain, C.J. 11325, Physics of Atoms and molecules